Historia de las cruzadas / (Record no. 136340)

MARC details
000 -LEADER
campo de control de longitud fija 00766nam a2200205 i 4500
001 - NÚMERO DE CONTROL
campo de control 136340
003 - IDENTIFICADOR DE NÚMERO DE CONTROL
campo de control ES-MaACL
005 - FECHA Y HORA DE LA ÚLTIMA TRANSACCIÓN
campo de control 20230906195108.0
007 - CAMPO FIJO DE DESCRIPCIÓN FÍSICA--INFORMACIÓN GENERAL
campo de control de longitud fija t|
008 - DATOS DE LONGITUD FIJA--INFORMACIÓN GENERAL
campo de control de longitud fija 070214m19561958sp |||| | spa d
080 ## - NÚMERO DE LA CLASIFICACIÓN DECIMAL UNIVERSAL
Número de la Clasificación Decimal Universal 940.18
100 1# - ENTRADA PRINCIPAL--NOMBRE DE PERSONA
Nombre de persona Runciman, Steven.
9 (RLIN) 100996
245 10 - MENCIÓN DEL TÍTULO
Título Historia de las cruzadas /
Mención de responsabilidad, etc. Steven Runciman ; traducción del inglés por Germán Bleiberg.
260 ## - PUBLICACIÓN, DISTRIBUCIÓN, ETC.
Lugar de publicación, distribución, etc. Madrid :
Nombre del editor, distribuidor, etc. Revista de Occidente,
Fecha de publicación, distribución, etc. 1956-1958.
300 ## - DESCRIPCIÓN FÍSICA
Extensión 3 v. ;
Dimensiones 22 cm.
505 8# - NOTA DE CONTENIDO CON FORMATO
Nota de contenido con formato Contiene: 1. La primera cruzada y la fundación del reino de Jerusalén - 2. El reino de Jerusalén y el Oriente franco, 1100-1187 - 3. El reino de Acre y las últimas cruzadas
650 #4 - PUNTO DE ACCESO ADICIONAL DE MATERIA--TÉRMINO DE MATERIA
Término de materia o nombre geográfico como elemento de entrada Cruzadas.
9 (RLIN) 11463
700 1# - ENTRADA AGREGADA--NOMBRE PERSONAL
Nombre de persona Bleiberg, Germán.
9 (RLIN) 29469
852 ## - LOCALIZACIÓN
Ubicación ES-MaACL
Número de control de estantería E-5623-25
Holdings
Estatus retirado Estado de pérdida Estado de daño No para préstamo Biblioteca de origen Biblioteca actual Ubicación en estantería Fecha de adquisición Fuente de adquisición Total de préstamos Signatura topográfica completa Código de barras Visto por última vez Precio de reemplazo Tipo de ítem Koha
        Biblioteca del Ateneo de Madrid Biblioteca del Ateneo de Madrid Depósito 2 17/01/2008     E-5623-25 1141895 23/02/2023 23/02/2023 Libro impreso